[Event "Dortmund ABC Serie C-23"]
[Site "Dortmund"]
[Date "2005.05.25"]
[Round "7"]
[White "Yanik, Mehmet"]
[Black "Lang, Daniel"]
[Result "1-0"]
[WhiteElo "1957"]
[BlackElo "1912"]
[PlyCount "73"]
[EventDate "2005.04.15"]
[EventType "tourn"]
[EventRounds "7"]
[EventCountry "GER"]
[SourceTitle "EXT 2007"]
[Source "ChessBase"]
[SourceDate "2006.11.23"]
[SourceVersion "1"]
[SourceVersionDate "2006.11.23"]
[SourceQuality "1"]

1. e4 d5 2. exd5 Qxd5 3. Nc3 Qa5 4. d4 c6 5. Nf3 Nf6 6. Bd2 Bf5 7. Bc4 Qc7 8. 0-0 e6 9. Bb3 Nbd7 10. Re1 Bd6 11. h3 h6 12. Qe2 0-0-0 13. Nd1 Ne4 14. Ne3 Nxd2 15. Nxd2 Bh7 16. Nec4 Bh2+ 17. Kh1 Bf4 18. Rad1 Rhe8 19. g3 Bg5 20. Nf3 Be7 21. Nfe5 Nxe5 22. Nxe5 Bd6 23. c3 f6 24. Nc4 Bg6 25. Nxd6+ Rxd6 26. Qg4 Qf7 27. Qf4 Qd7 28. Qg4 Bf5 29. Qf3 Bg6 30. Kg2 Re7 31. Qe3 Bf7 32. c4 e5 33. dxe5 Rxe5 34. Qxa7 Bxc4 35. Rxd6 Qxd6 36. Qa8+ Kc7 37. Bxc4 1-0

[Event "Dortmund ABC Serie C-23"]
[Site "Dortmund"]
[Date "2005.05.04"]
[Round "5"]
[White "Hartung, Thomas"]
[Black "Yanik, Mehmet"]
[Result "0-1"]
[WhiteElo "1931"]
[BlackElo "1957"]
[PlyCount "44"]
[EventDate "2005.04.15"]
[EventType "tourn"]
[EventRounds "7"]
[EventCountry "GER"]
[SourceTitle "EXT 2007"]
[Source "ChessBase"]
[SourceDate "2006.11.23"]
[SourceVersion "1"]
[SourceVersionDate "2006.11.23"]
[SourceQuality "1"]

1. e4 c5 2. Nf3 Nc6 3. d4 cxd4 4. Nxd4 Nf6 5. Nc3 d6 6. Bg5 e6 7. Qd2 Be7 8. 0-0-0 Nxd4 9. Qxd4 a6 10. f4 Qa5 11. e5 dxe5 12. fxe5 0-0 13. Bd3 Nd5 14. Bxe7 Nxe7 15. Ne4 Ng6 16. Nf6+ gxf6 17. Bxg6 fxg6 18. exf6 Qg5+ 19. Kb1 Qxf6 20. Qd3 e5 21. Rhf1 Bf5 22. Qd5+ Qe6 0-1

[Event "Dortmund ABC Serie C-23"]
[Site "Dortmund"]
[Date "2005.04.23"]
[Round "3"]
[White "Duschek, Guenter"]
[Black "Yanik, Mehmet"]
[Result "0-1"]
[WhiteElo "1669"]
[BlackElo "1957"]
[PlyCount "120"]
[EventDate "2005.04.15"]
[EventType "tourn"]
[EventRounds "7"]
[EventCountry "GER"]
[SourceTitle "EXT 2007"]
[Source "ChessBase"]
[SourceDate "2006.11.23"]
[SourceVersion "1"]
[SourceVersionDate "2006.11.23"]
[SourceQuality "1"]

1. d4 Nf6 2. Bf4 g6 3. Nf3 Bg7 4. Nbd2 0-0 5. e4 d6 6. c3 Nbd7 7. h3 Re8 8. Bd3 e5 9. Bg5 h6 10. Bh4 g5 11. Bg3 Nh5 12. Bh2 Nf4 13. Bf1 f5 14. Bc4+ Kf8 15. dxe5 Nxe5 16. Nxe5 dxe5 17. Bxf4 exf4 18. Qh5 Qf6 19. 0-0-0 Be6 20. Bxe6 Qxe6 21. Kb1 fxe4 22. Nb3 Rad8 23. Nc5 Qf5 24. Nb3 e3+ 25. Kc1 Rxd1+ 26. Rxd1 e2 27. Re1 Qd3 28. Nc5 Qd5 29. Nb3 Qxg2 30. Nd4 Qxf2 31. Rxe2 Rxe2 32. Nxe2 Qe3+ 33. Kd1 f3 34. Ng3 f2 35. Qg4 Qd3+ 36. Kc1 f1Q+ 37. Nxf1 Qxf1+ 38. Kc2 Qf4 39. Qc8+ Ke7 40. Qxb7 a5 41. Qa7 Qe5 42. Qf2 a4 43. a3 Qd6 44. Qf3 Be5 45. Qe4 Qe6 46. Qxa4 Qf5+ 47. Kb3 Qxh3 48. Qe4 Qe6+ 49. Kc2 Kf6 50. Qb7 g4 51. a4 Qf5+ 52. Kb3 Qf3 53. Qc8 Qd5+ 54. Kc2 g3 55. Qf8+ Kg5 56. Qe7+ Kg4 57. Qb4+ Kf3 58. Qf8+ Bf4 59. Qc8 g2 60. Qh3+ Bg3 0-1

[Event "Dortmund ABC Serie C-21"]
[Site "Dortmund"]
[Date "2004.05.05"]
[Round "3"]
[White "Yanik, Mehmet"]
[Black "Lang, Daniel"]
[Result "1-0"]
[WhiteElo "1965"]
[BlackElo "1850"]
[PlyCount "61"]
[EventDate "2004.04.23"]
[EventType "tourn"]
[EventRounds "11"]
[EventCountry "GER"]
[SourceTitle "EXT 2006"]
[Source "ChessBase"]
[SourceDate "2005.11.24"]
[SourceVersion "1"]
[SourceVersionDate "2005.11.24"]
[SourceQuality "1"]

1. e4 c5 2. Nf3 Nc6 3. d4 cxd4 4. Nxd4 Nf6 5. Nc3 e5 6. Ndb5 d6 7. Bg5 a6 8. Na3 b5 9. Nd5 Qa5+ 10. Bd2 Qd8 11. Bg5 Qa5+ 12. Bd2 Qd8 13. Nxf6+ gxf6 14. c3 f5 15. exf5 Bxf5 16. Nc2 Bg7 17. a4 b4 18. Nxb4 Nxb4 19. cxb4 d5 20. b5 0-0 21. bxa6 e4 22. Bb5 e3 23. Bxe3 Rxa6 24. 0-0 Rg6 25. Bd3 Bxd3 26. Qxd3 Qd7 27. Rfd1 Qg4 28. Qxd5 Bxb2 29. Ra2 Bf6 30. f3 Qb4 31. Bc5 1-0

[Event "Dortmund Kleiner Koenig VM-A"]
[Site "Dortmund"]
[Date "2004.03.30"]
[Round "8"]
[White "Yanik, Mehmet"]
[Black "Didion, Ralf"]
[Result "1-0"]
[WhiteElo "1965"]
[BlackElo "1621"]
[PlyCount "49"]
[EventDate "2004.01.27"]
[EventType "tourn"]
[EventRounds "13"]
[EventCountry "GER"]
[SourceTitle "EXT 2006"]
[Source "ChessBase"]
[SourceDate "2005.11.24"]
[SourceVersion "1"]
[SourceVersionDate "2005.11.24"]
[SourceQuality "1"]

1. e4 e5 2. Nf3 Nc6 3. d4 exd4 4. Nxd4 d6 5. Nc3 Nf6 6. Bc4 Be7 7. f3 0-0 8. Be3 Na5 9. Bd3 a6 10. g4 h6 11. Qd2 Nc6 12. 0-0-0 Nh7 13. Nd5 Nxd4 14. Nxe7+ Qxe7 15. Bxd4 Bd7 16. h4 b5 17. Be2 Rfe8 18. Qc3 f6 19. Qxc7 Rec8 20. Qa5 Be6 21. Kb1 Bc4 22. Bxc4+ Rxc4 23. b3 Rc6 24. c4 bxc4 25. Qd5+ 1-0

[Event "Dortmund9"]
[Site "Dortmund"]
[Date "2003.11.18"]
[Round "9"]
[White "Yanik, Mehmet"]
[Black "Wagner, Markus"]
[Result "1/2-1/2"]
[WhiteElo "1930"]
[BlackElo "1824"]
[PlyCount "65"]
[EventDate "2003.10.08"]
[EventType "tourn"]
[EventRounds "11"]
[EventCountry "GER"]
[SourceTitle "EXT 2007"]
[Source "ChessBase"]
[SourceDate "2006.11.23"]
[SourceVersion "1"]
[SourceVersionDate "2006.11.23"]
[SourceQuality "1"]

1. e4 g6 2. d4 Bg7 3. Nc3 d6 4. f4 Nf6 5. Nf3 0-0 6. Bc4 Bg4 7. e5 Nfd7 8. Ne4 Nb6 9. Bb3 Na6 10. Be3 c6 11. 0-0 Nd5 12. Qd2 Nxe3 13. Qxe3 d5 14. Nf2 Bxf3 15. Qxf3 Qb6 16. c3 e6 17. Rab1 c5 18. dxc5 Qxc5 19. Kh1 Rac8 20. Ng4 Qe7 21. Qe3 Nc5 22. Bc2 b6 23. Rf3 Nd7 24. Re1 Qc5 25. Qd2 Rfd8 26. Rh3 h5 27. Nf2 b5 28. g4 hxg4 29. Nxg4 d4 30. Be4 dxc3 31. Rxc3 Qe7 32. Rxc8 Rxc8 33. Qe2 1/2-1/2

[Event "Dortmund9"]
[Site "Dortmund"]
[Date "2003.10.31"]
[Round "6"]
[White "Gohla, Ulf"]
[Black "Yanik, Mehmet"]
[Result "1/2-1/2"]
[WhiteElo "2006"]
[BlackElo "1930"]
[PlyCount "84"]
[EventDate "2003.10.08"]
[EventType "tourn"]
[EventRounds "11"]
[EventCountry "GER"]
[SourceTitle "EXT 2007"]
[Source "ChessBase"]
[SourceDate "2006.11.23"]
[SourceVersion "1"]
[SourceVersionDate "2006.11.23"]
[SourceQuality "1"]

1. e4 e5 2. Bc4 Nf6 3. d3 Bc5 4. Nf3 d6 5. c3 0-0 6. 0-0 Bb6 7. Nbd2 c6 8. Bb3 Nbd7 9. d4 Re8 10. Re1 Bc7 11. h3 Nf8 12. a4 Ng6 13. Nc4 exd4 14. Qxd4 d5 15. exd5 Rxe1+ 16. Nxe1 cxd5 17. Ne3 Nf4 18. Qd1 Bxh3 19. gxh3 Nxh3+ 20. Kf1 Ne4 21. Qxd5 Nhxf2 22. Qxd8+ Rxd8 23. Nd5 Bb8 24. Nf3 Ng4 25. Bg5 Nxg5 26. Nxg5 Ne5 27. Rd1 Re8 28. Re1 h6 29. Nf3 Kf8 30. Nxe5 Bxe5 31. Re4 f5 32. Rb4 b6 33. a5 bxa5 34. Rb7 Rb8 35. Rxb8+ Bxb8 36. Ke2 h5 37. Bc2 g6 38. Ne3 Kg7 39. Nxf5+ gxf5 40. Bxf5 Kf6 41. Bd7 h4 42. Kf3 Ke7 1/2-1/2

[Event "Dortmund9"]
[Site "Dortmund"]
[Date "2003.10.25"]
[Round "5"]
[White "Yanik, Mehmet"]
[Black "Naundorf, Maik"]
[Result "1/2-1/2"]
[WhiteElo "1930"]
[BlackElo "1996"]
[PlyCount "31"]
[EventDate "2003.10.08"]
[EventType "tourn"]
[EventRounds "11"]
[EventCountry "GER"]
[SourceTitle "EXT 2007"]
[Source "ChessBase"]
[SourceDate "2006.11.23"]
[SourceVersion "1"]
[SourceVersionDate "2006.11.23"]
[SourceQuality "1"]

1. e4 c5 2. Nf3 e6 3. c4 a6 4. Nc3 Qc7 5. d4 cxd4 6. Nxd4 Nf6 7. g4 h6 8. Qe2 d6 9. f4 Be7 10. Bg2 Nbd7 11. g5 hxg5 12. fxg5 Nh5 13. g6 Bh4+ 14. Kd1 Ne5 15. gxf7+ Qxf7 16. Rf1 1/2-1/2

[Event "Dortmund4"]
[Site "Dortmund"]
[Date "2002.05.18"]
[Round "8"]
[White "Grube, Joerg"]
[Black "Yanik, Mehmet"]
[Result "1/2-1/2"]
[WhiteElo "1800"]
[BlackElo "1995"]
[PlyCount "35"]
[EventDate "2002.04.12"]
[EventType "tourn"]
[EventRounds "11"]
[EventCountry "GER"]
[SourceTitle "EXT 2007"]
[Source "ChessBase"]
[SourceDate "2006.11.23"]
[SourceVersion "1"]
[SourceVersionDate "2006.11.23"]
[SourceQuality "1"]

1. e4 c5 2. Nf3 Nc6 3. d4 cxd4 4. Nxd4 Nf6 5. Nc3 d6 6. Bg5 e6 7. Qd2 Be7 8. 0-0-0 a6 9. f4 Nxd4 10. Qxd4 Qa5 11. Bxf6 gxf6 12. g3 Bd7 13. Bh3 Rc8 14. Kb1 Qc5 15. f5 b5 16. Qd2 b4 17. Ne2 a5 18. Nf4 1/2-1/2

[Event "Dortmund4"]
[Site "Dortmund"]
[Date "2002.05.15"]
[Round "7"]
[White "Yanik, Mehmet"]
[Black "Ritter, Uwe"]
[Result "0-1"]
[WhiteElo "1995"]
[BlackElo "2000"]
[PlyCount "68"]
[EventDate "2002.04.12"]
[EventType "tourn"]
[EventRounds "11"]
[EventCountry "GER"]
[SourceTitle "EXT 2007"]
[Source "ChessBase"]
[SourceDate "2006.11.23"]
[SourceVersion "1"]
[SourceVersionDate "2006.11.23"]
[SourceQuality "1"]

1. e4 c5 2. Nf3 Nc6 3. d4 cxd4 4. Nxd4 g6 5. c4 Bg7 6. Be3 Nf6 7. Nc3 0-0 8. Be2 d6 9. Qd2 Bd7 10. f3 Nxd4 11. Bxd4 a5 12. 0-0 Bc6 13. Rfd1 Nd7 14. Bxg7 Kxg7 15. Qd4+ f6 16. Nd5 Bxd5 17. cxd5 Qb6 18. Qxb6 Nxb6 19. Rac1 Rfc8 20. Bb5 f5 21. g3 Kf6 22. Kf2 fxe4 23. fxe4 a4 24. Ke3 Ra5 25. Rxc8 Nxc8 26. Rf1+ Kg7 27. Bd7 Nb6 28. Be6 Nc4+ 29. Kd4 Ne5 30. Rc1 Rb5 31. Rc2 Rb4+ 32. Ke3 b5 33. a3 Nc4+ 34. Kd4 Nxa3+ 0-1

[Event "Dortmund4"]
[Site "Dortmund"]
[Date "2002.04.18"]
[Round "1"]
[White "Hayani Dhibi, Lahcen"]
[Black "Yanik, Mehmet"]
[Result "0-1"]
[WhiteElo "1867"]
[BlackElo "1995"]
[PlyCount "60"]
[EventDate "2002.04.12"]
[EventType "tourn"]
[EventRounds "11"]
[EventCountry "GER"]
[SourceTitle "EXT 2007"]
[Source "ChessBase"]
[SourceDate "2006.11.23"]
[SourceVersion "1"]
[SourceVersionDate "2006.11.23"]
[SourceQuality "1"]

1. e4 c5 2. Nc3 g6 3. f4 Bg7 4. Nf3 Nc6 5. a4 d6 6. Bc4 Nf6 7. 0-0 0-0 8. d3 Bg4 9. Be3 Nd4 10. Bxd4 cxd4 11. Ne2 Qb6 12. h3 Bxf3 13. Rxf3 Nd7 14. Rb1 Nc5 15. a5 Qc7 16. Qe1 Kh8 17. Ng3 Rac8 18. Qd2 Bh6 19. Qf2 e5 20. b4 Ne6 21. Ne2 Nxf4 22. Nxf4 Bxf4 23. Rxf4 exf4 24. Qxf4 Qe7 25. Rf1 Kg7 26. Qg4 h5 27. Qe2 Qe5 28. Rf2 b5 29. axb6 axb6 30. b5 Ra8 0-1